000 01003nam a22001817a 4500
999 _c63406
_d63406
003 Ge_BSU
005 20251002140638.0
008 251002s1956 ge ||||| |||| 00| 0 geo d
041 _ageo
080 _a331.101.6 კ-20
100 _aკამენიცერი, ს.ე.
_925921
245 _aშრომის ნაყოფიერების ზრდის რეზერვები საწარმოებში :
_bრეზერვების გამოვლინების მეთოდები და გამოყენების გზები /
_c ს.ე. კამენიცერი.
264 _a[თბილისი] :
_bსახელგამი,
_c1956.
300 _a280 გვ. ;
_b21 სმ.
490 _aეკონომიური განათლების დასახმარებლად
653 _aშრომის ნაყოფიერება საწარმოებში
942 _2udc
_cᲬᲘᲒᲜᲘ